[Event "Sant Miquel Olerdola op 14th"]
[Site "Sant Miquel Olerdola"]
[Date "2023.05.12"]
[Round "5"]
[White "Subira Zurita, Marc"]
[Black "Lopez Butista, Ferran"]
[Result "1-0"]
[WhiteElo "1927"]
[BlackElo "1776"]
[PlyCount "55"]
[EventDate "2023.04.14"]
[EventType "swiss"]
[EventRounds "8"]
[EventCountry "ESP"]
[SourceTitle "EXT 2024"]
[Source "ChessBase"]
[SourceDate "2023.10.10"]
[SourceVersion "1"]
[SourceVersionDate "2023.10.10"]
[SourceQuality "1"]

1. e4 d6 2. d4 Nf6 3. Nc3 Nbd7 4. Nf3 e5 5. Bc4 h6 6. a4 a5 7. 0-0 Be7 8. Re1 c6 9. h3 Qc7 10. Be3 Nf8 11. Ba2 g5 12. dxe5 dxe5 13. Nxe5 Qxe5 14. Bd4 Qf4 15. e5 Ng4 16. hxg4 Bxg4 17. f3 Be6 18. Ne2 Qh4 19. Bf2 Qh5 20. Bb1 g4 21. f4 Qg6 22. Ng3 h5 23. c3 Qg7 24. f5 Rd8 25. Qe2 h4 26. Ne4 Bd5 27. Nf6+ Bxf6 28. exf6+ 1-0